000 00258nam a22001217a 4500
008 180110b xxu||||| |||| 00| 0 eng d
041 _aeng
080 _22 ED
_a91
100 _a42
101 _aGJE
245 _aCOUNTIES USA
_cPETER.E,R
942 _2udc
_cBK
999 _c40060
_d40060